| 000 | 00936cab a2200181 4500 | ||
|---|---|---|---|
| 001 | ##L133113 | ||
| 008 | 060411n2006 000 0 eng u | ||
| 035 | _a(Sirsi) u133113 | ||
| 041 | 0 | _aeng | |
| 100 | 1 | _aSacks, Alan | |
| 245 | 0 | 0 | _aProtection at a premium |
| 260 | _c2006 | ||
| 490 | 0 |
_aAccountancy _v137(1352) April 2006, 66-70(4) |
|
| 520 | _aTax authority investigations of a client can create cash flow problems for the workplace. The current list of possibilities includes income tax and corporate tax full and aspect enquiries, VAT disputes, and employer compliance disputes covering IR35, PAYE, NIC and P11D. This paper examines how professional fees insurance schemes can enable practices to insure against fees jeopardised in this way, but also highlights it's sometimes costly disadvantages. | ||
| 590 | _aIKA110406 | ||
| 690 | _aPROPERTY-COMMERCIAL PROPERTY-COMMERCIAL PROPERTY FINANCE AND INVESTMENT | ||
| 942 | _n0 | ||
| 999 |
_c76810 _d76810 |
||